Statistiques concernant Clubs ayant conservé le trophée original de la LDC

Cliquez ici pour prendre le quiz!

Statistiques générales

  • Ce quiz a été pris 208 fois
  • Le résultat moyen est 4 sur 5

Statistiques - réponses

Nmb de LDCClub% Correct
14Real Madrid
99%
7AC Milan
97%
6Liverpool FC
91%
6Bayern Munich
86%
4Ajax Amsterdam
72%

Distribution des résultats

Percentile par nombre de réponses

% des personnes avec chaque résultat

Votre développement - résultats

Vous n’avez pas pris ce quiz